00000000nam##2200000za#4500
0019.576104
003CaOODSP
00520210624185001
007cr |||||||||||
008150406|1980||||xxc|||||o    f|0| 0 eng|d
040 |aCaOODSP|beng
043 |an-cn---
0861 |aFs97-13/182E-PDF
1101 |aCanada. |bDepartment of Fisheries and Oceans.
24510|aSpecies composition and seasonal abundance of zooplankton in Lake 227, experimental lakes area, northwestern Ontario, 1969-1978 / |h[electronic resource]|cby P.S.S. Chang ... [et al.].
260 |aWinnipeg - Manitoba : |bFisheries and Oceans Canada |c1980.
300 |a108p.
4901 |aCanadian data report of fisheries and aquatic sciences|vNo. 182
500 |aOn t.p.: Western Region, Winnipeg, Manitoba. Catalogue number of the print edition appears in the PDF version.
546 |a(Résumé en français)
590 |a13-09-Supp|b2013-04-04
830#0|aCanadian data report of fisheries and aquatic sciences ;|vNo. 182|w(CaOODSP)9.505124
85640|ahttp://publications.gc.ca|qPDF|s1998 KB|uhttps://publications.gc.ca/collections/collection_2013/mpo-dfo/Fs97-13-182-eng.pdf|yNo. 182